| 000 | 00738nam a22001815i 4500 | ||
|---|---|---|---|
| 001 | 161180 | ||
| 003 | ES-MaACL | ||
| 005 | 20230906212217.0 | ||
| 008 | 981020s1857 gw |||| | fre d | ||
| 040 |
_aCCPB | B _bspa _cCCPB | B |
||
| 100 | 1 |
_aOulibicheff, Alexandre. _9130752 |
|
| 245 | 1 | 0 |
_aBeethoven, ses critiques et ses glossateurs / _cPar Alexandre Oulibicheff. |
| 260 |
_aLeipzig : _bF. A. Brockhaus, _c1857. |
||
| 300 |
_aXIV, [2], 354 p. ; _c24 cm. |
||
| 600 | 1 | 4 |
_aBeethoven, Ludwig van- _xBiografías. _927031 |
| 752 |
_aAlemania - _dLeipzig |
||
| 852 |
_aES-MaACL _jG-9532 _z-- Enc. hol. _x-- Edic.: En el pie de imp. consta tambien el ed.: Paris : Jules Gavelot -- La paginación en este ejemplar es: XIV, [2], 351, [1] p. |
||
| 999 |
_c161180 _d161180 |
||